[Event "11th European Senior"]
[Site "Courmayeur ITA"]
[Date "2011.04.07"]
[Round "2.48"]
[White "Smits, Oswald"]
[Black "Brugnolo, Paolo"]
[Result "1-0"]
[WhiteElo "1870"]
[BlackElo "1498"]
[WhiteFideId "24619892"]
[BlackFideId "834408"]
[EventDate "2011.04.06"]

1. d4 d5 2. Nf3 Nf6 3. e3 e6 4. Bd3 c5 5. c3 cxd4 6. exd4 Be7 7. O-O O-O 8. Bg5
Nbd7 9. Qc2 h6 10. Bh4 Ne4 11. Bxe7 Qxe7 12. Bxe4 dxe4 13. Qxe4 Nf6 14. Qe2 Bd7
15. Ne5 Be8 16. Nd2 a6 17. Rfe1 Bb5 18. Qf3 Nh7 19. Qe3 Be8 20. Ndf3 Nf6 21.
Rad1 Ba4 22. b3 Be8 23. c4 Qa3 24. Rd2 Qb4 25. Nd3 Qb6 26. Nde5 Qc7 27. h3 b5
28. Rc2 Qb7 29. Nd3 bxc4 30. bxc4 Rc8 31. Nc5 Qa7 32. Qa3 Rc6 33. Rb2 Rd6 34.
Reb1 Bc6 35. Rb6 Rfd8 36. Rxa6 Qc7 37. Ra7 Qc8 38. Nb7 Bxb7 39. Rbxb7 Ne8 40. c5
Rd5 41. Rxf7 Qc6 42. Ra6 Qc8 43. Rf4 Qb8 44. Re4 Qb1+ 45. Re1 Qb7 46. Raxe6 Ra8
47. Rxe8+ Rxe8 48. Rxe8+ Kf7 49. Re1 Qc6 50. Qa7+ Kg8 51. Qb8+ Kh7 52. Re8 Qa4
53. Rh8+ Kg6 54. Qg3+ Kf5 55. Qg4+ Kf6 56. Rf8+ Ke7 57. Qxg7+ 1-0

[Event "11th European Senior"]
[Site "Courmayeur ITA"]
[Date "2011.04.07"]
[Round "2.49"]
[White "Bogatto, Mario"]
[Black "Papa, Angelo"]
[Result "0-1"]
[WhiteElo "1446"]
[BlackElo "1866"]
[WhiteFideId "820369"]
[BlackFideId "812285"]
[EventDate "2011.04.06"]

1. e4 g6 2. d4 Bg7 3. Nf3 d6 4. Nc3 Nf6 5. Be2 O-O 6. O-O Nbd7 7. Bf4 Nh5 8. Be3
e5 9. dxe5 dxe5 10. Bg5 Nhf6 11. Nd5 h6 12. Nxf6+ 0-1

[Event "11th European Senior"]
[Site "Courmayeur ITA"]
[Date "2011.04.07"]
[Round "2.50"]
[White "Ortega Morales, Pedro"]
[Black "Lisandri, Luigi"]
[Result "1-0"]
[WhiteElo "1848"]
[BlackElo "1448"]
[WhiteFideId "2253429"]
[BlackFideId "820377"]
[EventDate "2011.04.06"]

1. d4 d5 2. Bf4 e6 3. e3 Nd7 4. Nf3 Ngf6 5. Bd3 h6 6. Bg3 Bd6 7. Ne5 O-O 8. Nd2
Re8 9. O-O Nf8 10. c3 N6d7 11. f4 Nxe5 12. fxe5 Be7 13. Nf3 Bd7 14. e4 c6 15.
Qe2 b5 16. a3 a6 17. Qf2 Nh7 18. Rae1 Rf8 19. Qc2 Ng5 20. Nd2 dxe4 21. Bxe4 Nxe4
22. Nxe4 Qa5 23. Rd1 Rab8 24. b4 Qb6 25. a4 bxa4 26. Qxa4 Qb5 27. Qc2 Qb6 28.
Ra1 Ra8 29. Ra5 Rfb8 30. Nc5 Bxc5 31. dxc5 Qc7 32. Qa2 Bc8 33. Qd2 Kf8 34. Bh4
Bb7 35. Qd6+ Qxd6 36. cxd6 Ke8 37. d7+ Kf8 38. d8=Q+ Rxd8 39. Bxd8 Rxd8 40. Rc5
Rd3 41. Re1 Ke7 42. Kf2 g5 43. Ke2 Rd8 44. Rd1 Rd5 45. g4 f5 46. gxf5 exf5 47.
Rdxd5 cxd5 48. Rc7+ Ke6 49. Rxb7 Kxe5 50. Rb6 Ke4 51. Rxh6 g4 52. Re6+ Kf4 1-0

[Event "11th European Senior"]
[Site "Courmayeur ITA"]
[Date "2011.04.08"]
[Round "3.1"]
[White "Timoscenko, Gennadij"]
[Black "Strutinskaya, Galina N"]
[Result "1/2-1/2"]
[WhiteTitle "GM"]
[BlackTitle "WIM"]
[WhiteElo "2502"]
[BlackElo "2269"]
[WhiteFideId "14901536"]
[BlackFideId "4108558"]
[EventDate "2011.04.06"]

1. d4 d5 2. c4 e6 3. Nf3 c6 4. Qc2 Nf6 5. Bg5 Nbd7 6. e3 a6 7. Nbd2 Be7 8. Be2
O-O 9. O-O h6 10. Bh4 c5 11. Rfd1 cxd4 12. Nxd4 Re8 13. Rac1 Ne5 14. N2f3 Ng6
15. Bg3 Bd6 16. cxd5 exd5 17. Bxd6 Qxd6 18. Qc7 Qb4 19. Nc2 Qe7 20. Qb6 Be6 21.
Ncd4 Rac8 22. Bd3 Nf8 23. h3 Rxc1 24. Rxc1 Rc8 25. Rxc8 Bxc8 26. Nd2 Ne8 27. Qb3
Qc5 28. Qd1 Nf6 29. N2b3 Qc7 30. Qc2 Ne8 31. Qxc7 Nxc7 32. f4 g6 33. Kf2 Kg7 34.
Be2 Kf6 35. Bf3 Ke7 36. g4 Kd6 37. h4 Nd7 38. h5 Nf6 39. hxg6 fxg6 40. Kg3 g5
41. Nc1 Ne4+ 42. Kg2 Nf6 43. Kg3 Ne4+ 1/2-1/2

[Event "11th European Senior"]
[Site "Courmayeur ITA"]
[Date "2011.04.08"]
[Round "3.2"]
[White "Peretz, Malkiel"]
[Black "Okhotnik, Vladimir"]
[Result "0-1"]
[WhiteTitle "FM"]
[BlackTitle "IM"]
[WhiteElo "2255"]
[BlackElo "2458"]
[WhiteFideId "2800446"]
[BlackFideId "14101289"]
[EventDate "2011.04.06"]

1. e4 e5 2. Nf3 Nc6 3. d4 exd4 4. Bc4 Nf6 5. e5 d5 6. Bb5 Ne4 7. Nxd4 Bd7 8.
Bxc6 Bxc6 9. O-O Bc5 10. Be3 O-O 11. Nd2 Bxd4 12. Bxd4 b6 13. Nxe4 dxe4 14. Bc3
Qg5 15. Qe2 Rfe8 16. Qe3 Qf5 17. Rad1 Re6 18. Rd2 h5 19. Rfd1 Rg6 20. h3 Re8 21.
Rd8 Rxd8 22. Rxd8+ Kh7 23. Kh2 h4 24. b3 Rg5 25. Rd1 Qg6 26. Rg1 Rf5 27. Bd4 Bb7
28. c4 c5 29. Bc3 Qh5 30. Qd2 Bc6 31. Qe3 g5 32. Rf1 g4 33. hxg4 Qxg4 34. Bd2
Qg6 35. f4 exf3 36. gxf3 Qg3+ 0-1

[Event "11th European Senior"]
[Site "Courmayeur ITA"]
[Date "2011.04.08"]
[Round "3.5"]
[White "Plachetka, Jan"]
[Black "Khmiadashvili, Tamar"]
[Result "1-0"]
[WhiteTitle "GM"]
[BlackTitle "WGM"]
[WhiteElo "2355"]
[BlackElo "2194"]
[WhiteFideId "14900068"]
[BlackFideId "13600346"]
[EventDate "2011.04.06"]

1. e4 c6 2. d4 d6 3. Nc3 Na6 4. Nf3 Nc7 5. Bd3 Bg4 6. h3 Bxf3 7. Qxf3 e6 8. O-O
Be7 9. Qg3 Kf8 10. f4 d5 11. f5 dxe4 12. Nxe4 Nf6 13. c3 Nxe4 14. Bxe4 Bd6 15.
Qf3 Qf6 16. Qh5 Qe7 17. f6 gxf6 18. Bh6+ Ke8 19. Bg7 f5 20. Bxh8 fxe4 21. Bf6
Qd7 22. Qxh7 Bf8 23. Rae1 c5 24. Rxe4 Nd5 25. Qg8 cxd4 26. Bxd4 Qe7 27. b4 b6
28. c4 Nxb4 29. Rxf7 Qxf7 30. Rxe6+ Qxe6 31. Qxe6+ Kd8 32. a3 Rc8 33. axb4 Bxb4
34. Bxb6+ 1-0

[Event "11th European Senior"]
[Site "Courmayeur ITA"]
[Date "2011.04.08"]
[Round "3.7"]
[White "Rooze, Jan"]
[Black "Jackson, Oliver A"]
[Result "1-0"]
[WhiteTitle "FM"]
[WhiteElo "2315"]
[BlackElo "2186"]
[WhiteFideId "200050"]
[BlackFideId "403156"]
[EventDate "2011.04.06"]

1. c4 e5 2. g3 Nc6 3. Nc3 f5 4. Nf3 Nf6 5. d4 e4 6. Nh4 g6 7. Bg5 Bg7 8. Qd2 Ne7
9. f3 exf3 10. exf3 O-O 11. O-O-O c6 12. Ng2 a6 13. Bd3 b5 14. Rhe1 d5 15. c5
Bd7 16. Nf4 Nc8 17. Ne6 Bxe6 18. Rxe6 Qd7 19. Re2 a5 20. Rde1 a4 21. Bc2 Qf7 22.
Nd1 Ra7 23. Nf2 Nd7 24. Re7 Nxe7 25. Rxe7 Qe8 26. Rxe8 Rxe8 27. g4 fxg4 28. Nxg4
Re6 29. f4 1-0

[Event "11th European Senior"]
[Site "Courmayeur ITA"]
[Date "2011.04.08"]
[Round "3.8"]
[White "Fatalibekova, Elena"]
[Black "Kratschmer, Heinz"]
[Result "1/2-1/2"]
[WhiteTitle "WGM"]
[WhiteElo "2282"]
[BlackElo "2161"]
[WhiteFideId "4106792"]
[BlackFideId "1606670"]
[EventDate "2011.04.06"]

1. Nf3 g6 2. c4 Nf6 3. Nc3 d5 4. cxd5 Nxd5 5. Qa4+ Bd7 6. Qh4 Nf6 7. d4 Bg7 8.
Bh6 O-O 9. Bxg7 Kxg7 10. e4 e6 11. Rd1 Nc6 12. Be2 Nh5 13. Qxd8 Rfxd8 14. g3 Nf6
15. O-O a6 16. Rfe1 Ne7 17. Bf1 Bc6 18. Ne5 b6 19. d5 exd5 20. Nxc6 Nxc6 21.
exd5 Na5 22. Re7 Ne8 23. Bg2 Rab8 24. Rc1 Kf8 25. Ree1 Nb7 26. Ne2 Rd6 27. Nd4
Nd8 28. b4 Nf6 29. Rxc7 Nxd5 30. Bxd5 Rxd5 31. Nb3 Rb7 32. Rc8 Rdd7 33. Ra8 Ra7
34. Rxa7 Rxa7 35. Rc1 Ke7 1/2-1/2

[Event "11th European Senior"]
[Site "Courmayeur ITA"]
[Date "2011.04.08"]
[Round "3.9"]
[White "Laco, Giuseppe"]
[Black "Cebalo, Miso"]
[Result "0-1"]
[BlackTitle "GM"]
[WhiteElo "2128"]
[BlackElo "2486"]
[WhiteFideId "800880"]
[BlackFideId "14500094"]
[EventDate "2011.04.06"]

1. c4 g6 2. e4 c5 3. h4 h5 4. Nf3 Bg7 5. Nc3 Nc6 6. d3 d6 7. Be3 Nf6 8. Qd2 Ng4
9. Bg5 a6 10. Be2 Rb8 11. O-O Bd7 12. Rab1 b5 13. b3 f6 14. Bf4 e5 15. Be3 Nxe3
16. fxe3 Bh6 17. Nd5 O-O 18. Qe1 Kh7 19. Qg3 Be6 20. Nh2 Rb7 21. Rf2 bxc4 22.
dxc4 Rbf7 23. Rbf1 Nb4 24. Nxb4 cxb4 25. Bd3 Qb6 26. Re1 Qc5 27. Nf1 a5 28. Kh1
Bd7 29. Rd2 Be6 30. Bb1 Rg8 31. Red1 Bf8 32. Nh2 Kh8 33. Qf3 Be7 34. Re1 f5 35.
g3 a4 36. exf5 axb3 37. axb3 Bxf5 38. Qd5 Qxd5+ 39. Rxd5 Bd7 40. Rd2 Bc6+ 41. e4
g5 42. hxg5 Rxg5 43. Nf1 Rg4 44. Rde2 h4 45. Rh2 Kg8 46. Rg2 hxg3 47. Nxg3 Rh7+
48. Kg1 Rhg7 49. Kh2 Bg5 50. Rd1 Be3 51. Re2 Rxg3 0-1

[Event "11th European Senior"]
[Site "Courmayeur ITA"]
[Date "2011.04.08"]
[Round "3.10"]
[White "Suba, Mihai"]
[Black "Miednikova, Swietlana"]
[Result "1-0"]
[WhiteTitle "GM"]
[BlackTitle "WFM"]
[WhiteElo "2465"]
[BlackElo "2169"]
[WhiteFideId "1203363"]
[BlackFideId "4109961"]
[EventDate "2011.04.06"]

1. Nc3 e5 2. Nf3 Nc6 3. d4 exd4 4. Nxd4 Bb4 5. Nxc6 bxc6 6. Qd4 Bxc3+ 7. Qxc3
Qf6 8. Qa5 Ne7 9. e4 Qe6 10. Bd3 f5 11. O-O fxe4 12. Re1 d5 13. f3 O-O 14. fxe4
Qf6 15. Be3 Be6 16. Bc5 Rf7 17. Rf1 Qe5 18. Rxf7 Bxf7 19. Re1 Ng6 20. exd5 Qxd5
21. Be4 Qd7 22. Qa4 Qd2 23. Qb4 Rd8 24. Qxd2 Rxd2 25. Be3 Rd8 26. Bxc6 Ne5 27.
Be4 a5 28. Bf4 Nc4 29. b3 Nd6 30. Bc6 Bg6 31. c4 Rf8 32. Bd5+ Kh8 33. Bd2 a4 34.
bxa4 Bd3 35. Bb4 Rc8 36. Bxd6 cxd6 37. a5 h6 38. a6 Bxc4 39. Bxc4 Rxc4 40. a7 1-0

[Event "11th European Senior"]
[Site "Courmayeur ITA"]
[Date "2011.04.08"]
[Round "3.11"]
[White "Chernikov, Oleg L"]
[Black "Norman, Kenneth I"]
[Result "1-0"]
[WhiteTitle "GM"]
[BlackTitle "CM"]
[WhiteElo "2438"]
[BlackElo "2172"]
[WhiteFideId "4103289"]
[BlackFideId "402419"]
[EventDate "2011.04.06"]

1. d4 Nf6 2. c4 g6 3. Nc3 d5 4. cxd5 Nxd5 5. Na4 Bg7 6. e4 Nb6 7. Be3 O-O 8. Nf3
Bg4 9. Nc5 Nc6 10. Nxb7 Qb8 11. Nc5 Bxf3 12. gxf3 Nxd4 13. Bxd4 Rd8 14. e5 Bxe5
15. Bxe5 Rxd1+ 16. Rxd1 Nc4 17. Bc3 Qb6 18. Bxc4 Qxc5 19. Bb3 e6 20. h4 Qf5 21.
h5 Qxf3 22. Rh4 gxh5 23. Rdd4 Qf5 24. Rhf4 Qb1+ 25. Ke2 Qc1 26. Rf3 Qh1 1-0

[Event "11th European Senior"]
[Site "Courmayeur ITA"]
[Date "2011.04.08"]
[Round "3.12"]
[White "Bondick, Karl-Heinz"]
[Black "Mishuchkov, Nikolai M."]
[Result "0-1"]
[BlackTitle "FM"]
[WhiteElo "2155"]
[BlackElo "2408"]
[WhiteFideId "4692071"]
[BlackFideId "4102401"]
[EventDate "2011.04.06"]

1. d4 Nf6 2. f3 d5 3. e4 dxe4 4. Nc3 c6 5. Be3 Nd5 6. Qd2 Nxc3 7. bxc3 Bf5 8. g4
Bg6 9. Bg2 Nd7 10. Nh3 exf3 11. Bxf3 e6 12. Nf4 Bd6 13. h4 Nb6 14. h5 Nc4 15.
Qe2 Nxe3 16. Nxe6 fxe6 17. hxg6 Bg3+ 18. Kd2 Bf4 19. gxh7 Qf6 20. Rab1 Nd5+ 21.
Kd3 O-O-O 22. Qe4 Bc7 23. c4 Nf4+ 24. Ke3 e5 25. dxe5 Qxe5 26. Qxe5 Bxe5 27. Be4
g6 28. Rbf1 Rdf8 29. g5 Kd8 30. Rh6 Nd5+ 31. cxd5 Rxf1 32. dxc6 Re1+ 33. Kd3 Kc7
34. Bxg6 Rd8+ 35. Kc4 Rd4+ 36. Kc3 Rh4+ 0-1

[Event "11th European Senior"]
[Site "Courmayeur ITA"]
[Date "2011.04.08"]
[Round "3.14"]
[White "Vrhovnik, Damir"]
[Black "Gruzmann, Boris"]
[Result "0-1"]
[BlackTitle "FM"]
[WhiteElo "2063"]
[BlackElo "2281"]
[WhiteFideId "14526956"]
[BlackFideId "4105290"]
[EventDate "2011.04.06"]

1. Nf3 Nf6 2. c4 d6 3. b4 g6 4. Bb2 Bg7 5. d4 O-O 6. e3 e5 7. Be2 exd4 8. Nxd4
a5 9. bxa5 Rxa5 10. O-O Nc6 11. Nxc6 bxc6 12. Nd2 c5 13. Qc2 Bb7 14. Bc3 Ra7 15.
Rfb1 Qa8 16. Bf3 Bxf3 17. Nxf3 Qe4 18. Qb2 Nh5 19. Bxg7 Nxg7 20. Nd2 Qd3 21. a4
Ne6 22. a5 f5 23. Ra3 Qe2 24. Qc3 f4 25. Ne4 fxe3 26. fxe3 Nf4 27. Nf2 Nd5 28.
Qe1 Qxc4 29. e4 Nf4 30. Re3 Ne6 31. Ng4 Nd4 32. Qh4 Qa2 33. Rf1 Rxf1+ 34. Kxf1
Qf7+ 35. Kg1 Kh8 36. Nh6 Qf8 37. h3 Rxa5 38. e5 Ra4 39. Ng4 Ra1+ 40. Kh2 Qf4+
41. Rg3 Ra8 42. exd6 cxd6 43. Qe7 0-1

[Event "11th European Senior"]
[Site "Courmayeur ITA"]
[Date "2011.04.08"]
[Round "3.15"]
[White "Kierzek, Matthias, Dr."]
[Black "Rosino, Antonio"]
[Result "1/2-1/2"]
[BlackTitle "FM"]
[WhiteElo "2135"]
[BlackElo "2233"]
[WhiteFideId "4647009"]
[BlackFideId "800376"]
[EventDate "2011.04.06"]

1. d4 Nf6 2. c4 g6 3. Nc3 d5 4. Nf3 Bg7 5. Bg5 Ne4 6. cxd5 Nxg5 7. Nxg5 e6 8.
Qd2 exd5 9. Qe3+ Kf8 10. g3 c6 11. Rd1 Qe7 12. Qc1 Bf6 13. Nf3 Kg7 14. Bg2 Bf5
15. O-O Nd7 16. Rfe1 Rhe8 17. Qf4 Kg8 18. h4 1/2-1/2

[Event "11th European Senior"]
[Site "Courmayeur ITA"]
[Date "2011.04.08"]
[Round "3.16"]
[White "Estrada Martinez, Cesar"]
[Black "Iudicello, Giovanni"]
[Result "1/2-1/2"]
[WhiteElo "2193"]
[BlackElo "2180"]
[WhiteFideId "2210649"]
[BlackFideId "804738"]
[EventDate "2011.04.06"]

1. c4 g6 2. g3 Bg7 3. Bg2 d6 4. Nc3 e5 5. e4 Nf6 6. Nge2 O-O 7. O-O Be6 8. d3
Qd7 9. f4 Bh3 10. f5 Bxg2 11. Kxg2 c6 12. Bg5 h6 13. Bxf6 Bxf6 14. h4 Na6 15.
Qd2 Kg7 16. Rf2 Nc7 17. Raf1 h5 18. Qe3 b6 19. Qf3 Rad8 20. Rh1 d5 21. g4 hxg4
22. Qxg4 Rh8 23. Ng3 Rdg8 24. Qf3 gxf5 25. Nxf5+ Kf8+ 26. Kf1 dxc4 27. dxc4 Ne6
28. Qe3 Bg5 29. Qe2 Bf4 30. Qd1 Qxd1+ 31. Nxd1 Ng7 32. Nde3 Bxe3 33. Nxe3 Ke7
34. Rg2 Nh5 35. Nf5+ Ke6 36. Rhg1 Rd8 37. Ke1 Nf6 38. Ng7+ Ke7 39. Nf5+ Ke6 40.
Ng7+ Ke7 41. Nf5+ Kf8 42. Re2 Nh5 43. Rd2 Ke8 44. Rg5 Rxd2 45. Kxd2 Kd7 46. Ke3
Nf4 47. Rg1 c5 48. Kf3 Ne6 49. Rh1 Nd4+ 50. Ke3 Ke6 51. Nxd4+ cxd4+ 52. Kd3 f5
53. exf5+ Kxf5 54. Rf1+ Ke6 55. Rh1 Rh5 56. b4 Kf5 57. b5 1/2-1/2

[Event "11th European Senior"]
[Site "Courmayeur ITA"]
[Date "2011.04.08"]
[Round "3.18"]
[White "Tseitlin, Mark D"]
[Black "Pipitone, Antonio"]
[Result "1-0"]
[WhiteTitle "GM"]
[WhiteElo "2420"]
[BlackElo "2012"]
[WhiteFideId "2800128"]
[BlackFideId "804541"]
[EventDate "2011.04.06"]

1. e4 c5 2. Nf3 d6 3. d4 cxd4 4. Nxd4 Nf6 5. Nc3 Nc6 6. Bg5 e6 7. Qd2 a6 8.
O-O-O h6 9. Nxc6 bxc6 10. Bf4 d5 11. Qe3 Be7 12. Be2 Qa5 13. Qg3 g6 14. Bd6 Bb7
15. Rd4 Bxd6 16. Qxd6 Rd8 17. Qe5 Ke7 18. Rhd1 Nd7 19. Qg3 c5 20. Ra4 Qb6 21.
exd5 e5 22. f4 exf4 23. Rxf4 f5 24. d6+ Kf6 25. Rxf5+ gxf5 26. Qh4+ Kg7 27. Qe7+
Kg6 28. Rd3 Nf6 29. Rg3+ Ng4 30. Rxg4+ fxg4 31. Bd3+ Kh5 32. Qe5+ Kh4 33. Qf6+ 1-0

[Event "11th European Senior"]
[Site "Courmayeur ITA"]
[Date "2011.04.08"]
[Round "3.19"]
[White "Gousseinov, Aguif"]
[Black "Werner, Clemens"]
[Result "0-1"]
[BlackTitle "FM"]
[WhiteElo "1979"]
[BlackElo "2353"]
[WhiteFideId "612480"]
[BlackFideId "4604636"]
[EventDate "2011.04.06"]

1. e4 c5 2. Nf3 g6 3. d4 Bg7 4. Nc3 cxd4 5. Nxd4 Nc6 6. Be3 d6 7. Qd2 Nf6 8. Be2
O-O 9. O-O-O Ng4 10. Bxg4 Bxg4 11. f3 Be6 12. Nxe6 fxe6 13. Bh6 Bxh6 14. Qxh6
Qa5 15. Qe3 Ne5 16. h4 Nc4 17. Qg5 Qb4 18. Qb5 Qxb5 19. Nxb5 Rfc8 20. Rd3 Rc5
21. Nd4 Kf7 22. Rc3 b6 23. Nb3 Rcc8 24. Rd1 b5 25. Nd2 Ne5 26. Rxc8 Rxc8 27. Nf1
a5 28. Ne3 Kf6 29. f4 Nc4 30. Rd3 Nxe3 31. Rxe3 e5 32. g3 Rc4 33. b3 Rc5 34. Kd2
exf4 35. gxf4 Rh5 36. Rh3 e5 37. Ke3 h6 38. Kf3 exf4 39. Kg4 Rc5 40. Kxf4 Rxc2
41. Rd3 Ke6 42. Rg3 Kf6 43. Rd3 Ke7 44. Rg3 Rf2+ 45. Ke3 Rxa2 46. Rxg6 Ra3 47.
Rxh6 a4 48. Kd4 Rxb3 49. Rh7+ Ke6 50. Ra7 Rb4+ 51. Kd3 d5 52. Ra6+ Ke5 53. exd5
Kxd5 54. h5 Rh4 55. h6 Rh3+ 56. Kc2 Kc4 57. Rc6+ Kb4 58. Rb6 Rh2+ 59. Kb1 Kc4
60. Rg6 a3 61. h7 Rxh7 62. Ka2 Rh2+ 0-1

[Event "11th European Senior"]
[Site "Courmayeur ITA"]
[Date "2011.04.08"]
[Round "3.21"]
[White "Giani, Franco"]
[Black "Weisenburger, Horst"]
[Result "1/2-1/2"]
[WhiteElo "1960"]
[BlackElo "2179"]
[WhiteFideId "811238"]
[BlackFideId "4654536"]
[EventDate "2011.04.06"]

1. e3 g6 2. c4 Bg7 3. d4 f5 4. Nc3 Nf6 5. Nf3 d6 6. Be2 O-O 7. O-O Nc6 8. h3 e5
9. dxe5 dxe5 10. Nd5 e4 11. Nd4 Nxd5 12. Nxc6 bxc6 13. cxd5 cxd5 14. Qc2 Be6 15.
Rd1 Qd6 16. Bd2 c5 17. Rac1 Rac8 18. Qb1 Rb8 19. b3 d4 20. Bc4 Rfc8 21. Bxe6+
Qxe6 22. exd4 cxd4 23. Bf4 Rb6 24. Rxc8+ Qxc8 25. b4 Qe6 26. Rc1 Rc6 27. Rxc6
Qxc6 28. Qb3+ Kf8 29. b5 Qd7 30. Qb4+ Ke8 31. Qc4 Bf8 32. a4 d3 1/2-1/2

[Event "11th European Senior"]
[Site "Courmayeur ITA"]
[Date "2011.04.08"]
[Round "3.22"]
[White "Van Oosten, Arend"]
[Black "Beltrami, Nerio"]
[Result "1/2-1/2"]
[WhiteElo "2170"]
[BlackElo "1956"]
[WhiteFideId "1006053"]
[BlackFideId "816191"]
[EventDate "2011.04.06"]

1. e4 d6 2. d4 Nf6 3. Nc3 g6 4. f3 c6 5. Be3 Nbd7 6. Qd2 Qa5 7. Nh3 b5 8. Bd3
Bg7 9. O-O Nb6 10. Nf2 Nc4 11. Bxc4 bxc4 12. Bh6 O-O 13. Bxg7 Kxg7 14. Nfd1 e5
15. Kh1 Qb6 16. dxe5 dxe5 17. Qe3 Qd4 18. Ne2 Qd6 19. Qc3 Rd8 20. Ne3 Be6 21.
Rfd1 Qc5 22. b3 a5 23. g4 Nd7 24. Kg2 h6 25. Rd2 cxb3 26. axb3 Qb4 27. Rad1 Qxc3
28. Nxc3 Kf6 29. Na4 Ke7 30. Kf2 Rab8 31. Ke2 f6 32. Rd3 h5 33. h3 hxg4 34. hxg4
Rh8 35. Kd2 Rh2+ 36. Kc3 Rbh8 37. b4 axb4+ 38. Kxb4 Rf2 39. R1d2 Rhh2 40. Rxf2
Rxf2 41. Nc5 Nf8 42. c4 Rb2+ 43. Kc3 Ra2 44. Rd1 Rf2 45. Rd3 Nh7 46. Nd1 Rf1 47.
Ne3 Re1 48. Nxe6 Kxe6 49. c5 Ng5 50. Nc2 Re2 51. Nb4 Rf2 52. Rd6+ Kf7 53. Nxc6
Rxf3+ 54. Kc4 Nxe4 55. Rd7+ Kf8 56. Rd8+ Kg7 57. Kd5 Ng5 58. Rd7+ Kh6 59. Ne7
Nh3 60. c6 Nf4+ 61. Ke4 Rc3 62. c7 Ne6 63. c8=Q Rxc8 64. Nxc8 Nc5+ 65. Kd5 Nxd7 1/2-1/2

[Event "11th European Senior"]
[Site "Courmayeur ITA"]
[Date "2011.04.08"]
[Round "3.24"]
[White "Bisignano, Giuseppe"]
[Black "Hohler, Peter"]
[Result "0-1"]
[BlackTitle "FM"]
[WhiteElo "1938"]
[BlackElo "2144"]
[WhiteFideId "812358"]
[BlackFideId "1300296"]
[EventDate "2011.04.06"]

1. e4 e5 2. Nf3 Nc6 3. Bb5 a6 4. Ba4 Nf6 5. O-O Be7 6. Re1 b5 7. Bb3 d6 8. d4
Nxd4 9. Nxd4 exd4 10. Bf4 O-O 11. a4 Bb7 12. axb5 axb5 13. Rxa8 Bxa8 14. f3 c5
15. c3 c4 16. Ba2 Qa5 17. Na3 dxc3 18. Bb1 cxb2 19. Nc2 Bb7 20. Nd4 Nh5 21. Be3
g6 22. Re2 c3 23. Qb3 b4 24. Ba2 d5 25. e5 Ba6 26. Nc6 Qc7 27. Nxe7+ Qxe7 28.
Re1 Bc4 29. Qa4 Qb7 30. Bxc4 dxc4 31. Qc2 Ra8 32. Kf2 Ra1 33. Rd1 Qe7 34. f4 b3
35. Qxc3 Rxd1 36. Qxb2 Qh4+ 37. Ke2 Qe1+ 38. Kf3 0-1

[Event "11th European Senior"]
[Site "Courmayeur ITA"]
[Date "2011.04.08"]
[Round "3.25"]
[White "Cavatorta, Fosco"]
[Black "Nickl, Klaus"]
[Result "1/2-1/2"]
[WhiteElo "1914"]
[BlackElo "2140"]
[WhiteFideId "809195"]
[BlackFideId "1601024"]
[EventDate "2011.04.06"]

1. d4 Nf6 2. Nf3 g6 3. Nc3 Bg7 4. e4 d6 5. Be3 c6 6. Qd2 Qa5 7. Bd3 Bg4 8. Bh6
Bxh6 9. Qxh6 Bxf3 10. gxf3 Qh5 11. Qe3 Nbd7 12. O-O-O a6 13. Rhe1 O-O 14. e5 Nd5
15. Nxd5 cxd5 16. exd6 e6 17. f4 Qh6 18. Rg1 Rfc8 19. f5 Qxe3+ 20. fxe3 Rc6 21.
fxe6 fxe6 22. e4 Rxd6 23. e5 Rc6 24. h4 Kh8 25. h5 gxh5 26. Rg5 Rg8 27. Rxh5 Rg7
28. Rdh1 Nf8 29. Rf1 Kg8 30. Rh6 Rcc7 31. Rhf6 Rcf7 32. Kd2 Rxf6 33. exf6 Rg2+
34. Ke3 Kf7 35. Kf3 Rh2 36. Kg3 Rh6 37. c4 Rxf6 38. Rh1 h6 39. cxd5 exd5 40. Rh5
Ke6 41. Bc2 Nd7 42. a4 a5 43. Bd3 Kd6 44. b3 Nb8 45. Be2 Nc6 46. Bf3 Rxf3+ 47.
Kxf3 Nxd4+ 48. Ke3 Nxb3 49. Rxh6+ Kc5 50. Rh7 b6 51. Rb7 Kc6 52. Rh7 d4+ 53. Kd3
Nc5+ 54. Kxd4 Nxa4 55. Rh1 Nc5 56. Rb1 Ne6+ 57. Kc4 Nc7 58. Rh1 b5+ 59. Kb3 Nd5
60. Rc1+ Kb6 61. Rc8 Nc7 62. Rh8 Kc6 63. Rh6+ Kc5 64. Rh5+ Nd5 65. Rh4 Ne7 66.
Rh5+ Kb6 67. Re5 Nc6 68. Rh5 a4+ 69. Ka3 Ka5 70. Rd5 Nb4 71. Rc5 Nd3 72. Rd5 Nf4
73. Rf5 Ne6 74. Re5 Nc7 75. Rf5 Na8 76. Rc5 Nb6 77. Rh5 Nc4+ 78. Ka2 Kb4 79. Rh3
a3 80. Rb3+ Ka4 81. Rh3 b4 82. Rd3 Na5 83. Rd4 Nb3 84. Rc4 Na5 85. Rf4 Nb7 86.
Rc4 Nd6 87. Rh4 Nb5 88. Rh2 Nc3+ 89. Ka1 Nb5 90. Rh4 Kb3 91. Rh3+ Kc4 92. Rh4+
Kb3 93. Rh3+ Nc3 94. Rh2 Nb5 95. Rh3+ Ka4 96. Rh4 Kb3 97. Rh3+ Kc4 98. Rh4+ Nd4
99. Ka2 1/2-1/2

[Event "11th European Senior"]
[Site "Courmayeur ITA"]
[Date "2011.04.08"]
[Round "3.26"]
[White "Schiappacasse, Marcello"]
[Black "Colombo, Paolo"]
[Result "0-1"]
[WhiteElo "1896"]
[BlackElo "2130"]
[WhiteFideId "808369"]
[BlackFideId "802379"]
[EventDate "2011.04.06"]

1. e4 d6 2. d4 Nf6 3. Bd3 e5 4. c3 Be7 5. Nf3 Nbd7 6. Nbd2 c6 7. O-O O-O 8. Re1
h6 9. Nf1 Kh7 10. Ng3 g6 11. h3 Ng8 12. Be3 Bf6 13. Qd2 Nb6 14. c4 Qe7 15. Qc2
h5 16. Rad1 c5 17. d5 a5 18. Kh2 h4 19. Ne2 g5 20. g4 Nh6 21. Nfg1 Bxg4 22. hxg4
Nxg4+ 23. Kh1 Qd7 24. Nc3 Kg6 25. Bf1 h3 26. f3 h2 27. Nh3 Nxe3 28. Rxe3 Rh8 29.
Qg2 Nxc4 30. Re2 a4 31. Qg4 Qxg4 32. fxg4 Rh4 33. Nf2 a3 34. b3 Nb2 35. Rc1 c4
36. bxc4 0-1

[Event "11th European Senior"]
[Site "Courmayeur ITA"]
[Date "2011.04.08"]
[Round "3.27"]
[White "Quagliarella, Sabino Remo"]
[Black "Thieme, Hans"]
[Result "0-1"]
[WhiteElo "1889"]
[BlackElo "2101"]
[WhiteFideId "822469"]
[BlackFideId "24612561"]
[EventDate "2011.04.06"]

1. d4 Nf6 2. Nf3 e6 3. e3 c5 4. c3 Nc6 5. Be2 b6 6. O-O Bb7 7. Nbd2 d5 8. Qa4
Qd7 9. dxc5 Bxc5 10. Nd4 a6 11. Nxc6 Bxc6 12. Qh4 Be7 13. Qh3 Bb7 14. Rd1 Qc7
15. c4 Rd8 16. cxd5 Nxd5 17. Nf3 O-O 18. Bd2 Bf6 19. Rdc1 Qb8 20. Nd4 Rc8 21.
Be1 Rxc1 22. Rxc1 Bxd4 23. exd4 Nf4 24. Qe3 Nxg2 25. Qg3 Qxg3 26. hxg3 Nxe1 27.
Rxe1 Rc8 28. Bd3 g6 29. f4 Rd8 30. Be4 Bxe4 31. Rxe4 Kg7 32. Kf2 Rd5 33. Ke3 Ra5
34. a3 Rb5 35. b4 a5 36. Re5 Rd5 37. bxa5 Rxa5 38. Rxa5 bxa5 39. Kd3 Kf6 40. Kc4
Kf5 41. Kb5 Kg4 42. Kxa5 Kxg3 0-1